000 00831nam a2200253Ia 4500
003 OSt
005 20220930070624.0
006 a|||||r|||| 00| 0
007 ta
008 220926b |||||||| |||| 00| 0 eng d
024 _a7260
037 _cTheses
040 _aCRL
_cCRL
_beng
041 _2eng
_aeng
100 _aSarkar Sangeeta
_9527356
110 _aUniversity of Delhi. Faculty of Medical Sciences. Department of Pathology
245 0 _aEndoscopic brush cytology in the diagnosis of suspected gastrointestinal malignancies
260 _c1987
650 _aPATHOLOGY
_9174058
700 _a Dr Gita Jayaram Supervisor
_9527357
700 _aUniversity of Delhi. Faculty of Medical Sciences. Department of Pathology
942 _cDIS
_2CC
999 _c861169
_d861169